50 Biggest Cities in Czech Republic Map Quiz - Statistics

General Stats
  • This quiz has been taken 1,561 times
    1,405 since last reset
  • The average score is 32 of 50
Answers on the Map
Answers color-coded by a green-red scale on the quiz's map according to % correct below.
 
Answer Stats
Population City % Correct
1 1324277 Prague
100%
2 381346 Brno
97%
3 287968 Ostrava
95%
4 174842 Plzeň
94%
5 104802 Liberec
91%
6 100663 Olomouc
89%
7 94463 České Budějovice
88%
10 91727 Pardubice
87%
9 92716 Ústí nad Labem
87%
8 92939 Hradec Králové
86%
22 48479 Karlovy Vary
85%
11 74935 Zlín
84%
18 51216 Jihlava
80%
14 66034 Most
77%
15 56450 Opava
77%
13 69337 Kladno
75%
33 31977 Cheb
70%
16 55557 Frýdek-Místek
69%
17 52128 Karviná
68%
19 49731 Teplice
68%
20 48635 Chomutov
66%
12 71200 Havířov
65%
24 44740 Mladá Boleslav
64%
31 33765 Znojmo
64%
21 48594 Děčín
62%
30 34277 Tábor
62%
34 31973 Kolín
61%
23 45773 Jablonec nad Nisou
59%
42 24743 Břeclav
58%
35 30415 Písek
57%
43 24512 Hodonín
55%
26 42871 Přerov
55%
25 43651 Prostějov
53%
41 25247 Uherské Hradiště
53%
32 32503 Příbram
52%
28 35451 Třebíč
51%
29 35002 Třinec
51%
44 24297 Český Těšín
50%
36 30234 Trutnov
50%
40 25836 Šumperk
49%
27 37525 Česká Lípa
48%
45 23849 Litoměřice
47%
50 23168 Chrudim
46%
38 28620 Kroměříž
46%
46 23661 Litvínov
46%
39 25974 Vsetín
46%
47 23442 Havlíčkův Brod
44%
48 23260 Nový Jičín
41%
37 28735 Orlová
39%
49 23257 Krnov
38%
No matching quizzes found
Score Distribution
Percent of People with Each Score
Percentile by Number Answered
Your Score History
You have not taken this quiz since the last reset